A step to the universe / (Record no. 22689)

MARC details
000 -LEADER
fixed length control field 00852nam a2200241 4500
005 - DATE AND TIME OF LATEST TRANSACTION
control field 20020327112551.0
008 - FIXED-LENGTH DATA ELEMENTS--GENERAL INFORMATION
fixed length control field 710422s1970 enk b 000 0 eng
010 ## - LCCN (DPL NO)
LC control number ENG-92718
020 ## - INTERNATIONAL STANDARD BOOK NUMBER
Terms of availability 78.00
International Standard Book Number 9788177357288
020 ## - INTERNATIONAL STANDARD BOOK NUMBER
Terms of availability 78.00
International Standard Book Number 817735728X
035 ## - SYSTEM CONTROL NUMBER
System control number EN-76251
037 ## - SOURCE OF ACQUISITION
Source of stock number/acquisition DBAD / PUB
040 ## - CATALOGING SOURCE
Original cataloging agency dpl
Language of cataloging English
082 ## - DEWEY DECIMAL CLASSIFICATION NUMBER
Classification number 523.1
100 ## - MAIN ENTRY--PERSONAL NAME
Personal name Karthika, U.
245 ## - TITLE STATEMENT
Title A step to the universe /
Statement of responsibility, etc by U. Karthika
260 ## - PUBLICATION, DISTRIBUTION, ETC. (IMPRINT)
Place of publication, distribution, etc Chennai
Name of publisher, distributor, etc Pavai Publications
Date of publication, distribution, etc 2008
270 ## - ADDRESS
Address #142, J.J.K. Road, Royapettah,
City Chennai
Postal code 600014
300 ## - PHYSICAL DESCRIPTION
Extent 158p.:
Dimensions 22cm (pbk)
Other physical details ill.
500 ## - GENERAL NOTE
General note Includes references
942 ## - ADDED ENTRY ELEMENTS (KOHA)
Source of classification or shelving scheme Dewey Decimal Classification
Item type English Books
Call number suffix KAR
Classification part 523.1
Holdings
Withdrawn status Lost status Source of classification or shelving scheme Damaged status Not for loan Collection code Home library Current library Date acquired Source of acquisition Cost, normal purchase price Total Checkouts Full call number Barcode Date last seen Copy number Cost, replacement price Koha item type
    Dewey Decimal Classification   Not For Loan Non-fiction D.B.Act.Division D.B.Act.Division 02/02/2009 DBAD / PUB 78.00   523.1 KAR EN-76251 30/01/2009 1 78.00 English Books

© Delhi Public Library
Hit Counter
free hit counter